| 000 | 00797cam a22002654a 4500 | ||
|---|---|---|---|
| 008 | |||
| 020 | _a1405111925 (pbk.) | ||
| 049 | _aMAIN | ||
| 090 |
_aRC802 _bGAS |
||
| 245 | 0 | 0 |
_aGastroenterology / _cSimon P.L. Travis... [et al.] |
| 250 | _a3rd ed. | ||
| 260 |
_aMalden, Mass. : _bBlackwell Pub., _cc2005. |
||
| 300 |
_aix, 483 p. : _bill. ; _c24 cm. |
||
| 440 | 0 | _aPocket consultant. | |
| 500 | _aIncludes index. | ||
| 504 | _aIncludes bibliographical references. | ||
| 650 | 0 |
_aGastrointestinal system _xDiseases _xHandbook,manual. |
|
| 650 | 1 | 2 | _aDigestive System Diseases. |
| 700 | _aTravis, Simon P.L. | ||
| 907 |
_a.b10327769 _b11-04-13 _c21-02-13 |
||
| 003 | |||
| 005 | 20230120204119.0 | ||
| 040 | _cNUST | ||
| 942 |
_cBOOKS _kRC802 _mGAS |
||
| 999 |
_c117363 _d117363 |
||